| 000 | 00534nam a22001697a 4500 | ||
|---|---|---|---|
| 005 | 20231107104637.0 | ||
| 008 | 231107b |||||||| |||| 00| 0 eng d | ||
| 020 | _a9780702120657 | ||
| 041 | _aEnglish / Afrikaans | ||
| 082 | _a346.43 SEC | ||
| 100 | _lEnglish / Afrikaans | ||
| 245 |
_aJuta Wetgewingsdiens : Deeltitels / _cJuta se Wetsredakteurs |
||
| 260 |
_aKaapstad : _bJuta en Kie (Edms) Bpk, _c1988 |
||
| 300 |
_b194 pages ; _c26,5 cm. |
||
| 650 |
_aLegal practice _bLaw |
||
| 942 |
_cBK _6ALISON_BN_VRIES |
||
| 999 |
_c365 _d365 |
||